000 00996nam0a22002411 4500
001 rc\947177
005 20041129100004.5
035 _a(NLR Aleph) 006119188
090 _a5442298
_c5442298
100 _a20041129d1982 u |0rusy50 ca
101 0 _arus
102 _aRU
105 _ay |||||||||
200 1 _aМетодические рекомендации в помощь организаторам школьного туризма
_fВЛКСМ, Перм. обл. ком., Бюро междунар. молодеж. туризма "Спутник"
_g[Сост. Шадрина О.Р.]
210 _aПермь
_cБ. и.
_d1982
215 _a43 с.
_d21
702 1 _aШадрина
_bР. С.
_4220
712 0 2 _a"Спутник", бюро международного молодежного туризма
_cМосква
_bПермский обл. ком.
_3RU\NLR\AUTH\889939345
801 0 _aRU
_bNLR
_gpsbo
801 1 _aRU
_bELAR
_2rusmarc
852 _aNLR
_j83-6/5238
942 _cBOOK
980 _aNB